000 01862nkm a2200409 c 4500
003 BLK
005 20180421002031.0
008 180412b bul rap|r|||| r0| ||bulo|
010 _aKNG00165063000
040 _aBLK
041 _aRUS
_cRUS
_hENG
080 _aТеатрална живопис. Сценография
_b75.054
_x(47+57)(092)
_z75.054(47+57)(092)
080 _aТеатрален реквизит. Декори. Сценография. Тетрална живопис. Вж и 75.054
_b792.023
_x(47+57)
_z792.023(47+57)
080 _aСъветски театрален художник(1902-1974)
_b929 Риндин, Вадим Фьодорович
_x
_z929 Риндин, Вадим Фьодорович
100 1 _aСоколова, Наталья Ивановна
_eпърви автор
_9352403
139 _aСоколова, Наталья Ивановна
_bР 98
245 1 0 _aВадим Федорович Рындин
_cНаталья Ивановна Соколова.
257 _aSUN
260 Москва
_bСов. художник
_c1971
300 _a200 с.
_bс ил.
_c21Х27 см
380 _a7
500 _a20 000 тир.
600 1 4 _aРиндин, Вадим Фьодорович
_9224222
650 4 _aСценография
_9172763
650 4 _aРиндин, Вадим Фьодорович
_9224222
651 4 _aСССР
_9179592
653 _aсценография
653 _aтеатрална живопис
653 _aВадим Риндин
653 _aсоциалистически реализъм
653 _aконструктивизъм
852 _aЦб Гр А 1070
856 4 _qpdf
_u
856 4 _qpdf
_u
942 _cGRA
_n0
944 _aCR
_c19.09.2014
_l19.09.2014 - от С1,Р / 19.09.2014
_kКамелия_Данева
944 _aED
_c13.02.2015
_l19.09.2014 - от С1,Р / 19.09.2014
_kИрена_Линкова
999 _c210374
_d210374